| 000 | 00349nam a2200133Ia 4500 | ||
|---|---|---|---|
| 008 | 240624s9999 xx 000 0 und d | ||
| 041 | _aeng | ||
| 082 | _a891.43 RAD | ||
| 100 | _aRADHAKRISHNAN SARVEPALLI | ||
| 245 | _aBHARTIYA SANSKRITI KUCH VICHAR HINDI | ||
| 260 |
_c2019 _aGURGAON _bHind Pocket Books |
||
| 300 | _a103 p.; 23 cm. | ||
| 365 | _cRS | ||
| 999 |
_c31926 _d31926 |
||